La nueva oscuridad de la política social: del estado populista al neoconservador
Guardat en:
| Autors principals: | , |
|---|---|
| Format: | Llibre |
| Idioma: | espanyol |
| Publicat: |
Buenos Aires
Miño y Dávila
1998
|
| Edició: | 2a. ed |
| Col·lecció: | Colección Políticas Públicas
|
| Matèries: | |
| Etiquetes: |
Afegir etiqueta
Sense etiquetes, Sigues el primer a etiquetar aquest registre!
|
MARC
| LEADER | 00000nam a2200000 a 4500 | ||
|---|---|---|---|
| 001 | UCO1090 | ||
| 003 | CL-VaPUC | ||
| 008 | 000505e19980000AG |||||||||||||||||spa|d | ||
| 082 | 0 | 4 | |a 361.61 |b LOV |2 21 |
| 100 | |a Lo Vuolo, Rubén M. |e autor |9 466675 | ||
| 700 | 0 | |a Barbeito, Alberto C |e author |9 442901 | |
| 245 | 1 | 3 | |a La nueva oscuridad de la política social: del estado populista al neoconservador |
| 250 | |a 2a. ed | ||
| 300 | |a 362 p | ||
| 942 | |c BK | ||
| 945 | |d 20000505 00:00:00 |a rbrito | ||
| 260 | |a Buenos Aires |b Miño y Dávila |c 1998 | ||
| 650 | 0 | |a Políticas sociales |9 358116 | |
| 650 | 0 | |a Integración social |9 319662 | |
| 650 | 0 | |a Problemas sociales |9 258537 | |
| 583 | |a last modification |c 20000505 00:00:00 |k Rodrigo Vera | ||
| 490 | 0 | |a Colección Políticas Públicas | |
| 999 | |c 287723 |d 287721 | ||
| 952 | |0 0 |1 0 |4 0 |6 361_610000000000000_LOV_1998 |7 0 |8 A |9 334689 |a BIBGIM |b BIBGIM |d 2019-11-20 |i 361123K |o 361.61 LOV 1998 |p 361123K |r 2025-01-15 |w 2019-11-20 |y BK |k SSL | ||